La religión azteca /
Na minha lista:
| Autor principal: | |
|---|---|
| Outros Autores: | |
| Formato: | Livro |
| Idioma: | espanhol |
| Publicado em: |
Madrid, España : Granada, España :
Trotta ; Universidad de Granada,
2008, c2008
|
| coleção: | (Paradigmas. Biblioteca de Ciencias de las Religiones ;
43) |
| Assuntos: | |
| Tags: |
Sem tags, seja o primeiro a adicionar uma tag!
|
MARC
| LEADER | 00000nam^a2200000^a^4500 | ||
|---|---|---|---|
| 001 | 000380866 | ||
| 005 | 20250521000000.0 | ||
| 009 | 20260310120624.857 | ||
| 020 | |a 978-84-8164-935-2 | ||
| 037 | |a Acervo Xavier Clavigero | ||
| 041 | |a ESP | ||
| 082 | |a 972. 01 |b BAT | ||
| 100 | |a Batalla Rosado, Juan José |e (autor) | ||
| 245 | 1 | 3 | |a La religión azteca / |c J.J. Batalla Rosado, J.L. de Rojas. |
| 264 | 4 | |a Madrid, España : |b Trotta ; |a Granada, España : |b Universidad de Granada, |c 2008, c2008 | |
| 300 | |a 213 p. | ||
| 336 | |a texto |b txt |2 rdacontenido | ||
| 337 | |a sin mediación |b n |2 rdamedio | ||
| 338 | |a volumen |b nc |2 rdasoporte | ||
| 440 | 1 | |a (Paradigmas. |p Biblioteca de Ciencias de las Religiones ; |v 43) | |
| 649 | |a XX | ||
| 650 | |a Aztecas - |x Historia - |x Tema Principal | ||
| 650 | |a Nahuas - |x Historia | ||
| 650 | |a Indígenas de México - |x Historia | ||
| 650 | |a Cosmovisión - |z México - |x Historia - |y Epoca Prehispánica | ||
| 650 | |a Códices Prehispánicos - |z México - |x Historia y Crítica | ||
| 650 | |a Arte Azteca - |x Historia y Crítica | ||
| 650 | |a Religión - |z México - |x Historia - |y Epoca Prehispánica - |x Tema Principal | ||
| 650 | |a México - |x Historia - |y Epoca Prehispánica | ||
| 700 | |a Rojas, José Luis de |e (autor) | ||
| 910 | |a Fondo General | ||
| 920 | |a Impresos - Libros | ||
| 930 | |a Colección General | ||
| 905 | |a 101 | ||
| 901 | |a 0500275698 |b IT1 |c ACC |i FXC C1413 |u 20250521 | ||
| 902 | |a https://opac.biblio.iteso.mx/vufind/Record/000380866 | ||